000 00604nam a2200181Ia 4500
008 151202s9999||||xx |||||||||||||| ||und||
082 _bPNVM-54685
100 _aवाळिंबे शरदचंद्र.
245 _aमिशन ए.एम्.
260 _b"मनमोहिनी प्रकाशन,पुणे."
260 _c1989
300 _a186
600 _aवाळिंबे शरदचंद्र.
630 _aमिशन ए.एम्.
700 _aवाळिंबे शरदचंद्र.
730 _aमिशन ए.एम्.
942 _cBOOK
999 _c1321224
_d1321221